Concilio Vaticano II. Constituciones. Decretos. Declaraciones. Legislación posconciliar
Na minha lista:
| Formato: | Livro |
|---|---|
| Idioma: | espanhol |
| Publicado em: |
Madrid
BAC
1967
|
| Edição: | 5a. ed |
| Colecção: | Biblioteca de Autores Cristianos
|
| Assuntos: | |
| Tags: |
Adicionar Tag
Sem tags, seja o primeiro a adicionar uma tag!
|
MARC
| LEADER | 00000nam a2200000 a 4500 | ||
|---|---|---|---|
| 001 | UCZ3291 | ||
| 003 | CL-VaPUC | ||
| 008 | 951020e19670000SP |||||||||||||||||spa|d | ||
| 082 | 0 | 4 | |a 262.5 |b CON |2 21 |
| 245 | 1 | 0 | |a Concilio Vaticano II. Constituciones. Decretos. Declaraciones. Legislación posconciliar |
| 250 | |a 5a. ed | ||
| 300 | |a 1176 p | ||
| 942 | |c BK | ||
| 945 | |d 19951020 00:00:00 |a cmena | ||
| 260 | |a Madrid |b BAC |c 1967 | ||
| 650 | 0 | |a Iglesia Católica |9 256114 | |
| 650 | 7 | |a DOCTRINAS RELIGIOSAS |2 CL-VaPUC |9 337177 | |
| 650 | 0 | |a Documentos pontificios |9 255642 | |
| 583 | |a last modification |c 20160711 02:31:18 |k Rodrigo Vera | ||
| 490 | 0 | |a Biblioteca de Autores Cristianos | |
| 999 | |c 239781 |d 239779 | ||
| 952 | |0 0 |1 0 |4 0 |6 262_500000000000000_CON_1967 |7 0 |8 P |9 251169 |a BIBEDU |b BIBEDU |c BIBEDU_PB |d 2019-11-18 |i 158507K |o 262.5 CON 1967 |p 158507K |r 2024-01-25 |w 2019-11-18 |y BK |k FIL | ||
| 952 | |0 0 |1 0 |4 0 |6 262_500000000000000_CON_1967 |7 0 |8 A |9 251170 |a BIBTEO |b BIBTEO |d 2019-11-18 |i 407582K |o 262.5 CON 1967 |p 407582K |r 2025-01-17 |w 2019-11-18 |y BK |k ICR | ||